| 000 | 01075pam a2200325 a 4500 | ||
|---|---|---|---|
| 999 |
_c533672 _d533672 |
||
| 001 | 1598939 | ||
| 003 | Nust | ||
| 005 | 20200116094801.0 | ||
| 008 | 941103r19951994nyu 000 1 eng | ||
| 010 | _a 94042644 | ||
| 020 | _a9780552997805 | ||
| 038 | _aMSOHAIL | ||
| 040 |
_aDLC _cDLC _dDLC |
||
| 043 | _ae------ | ||
| 050 | 1 | 0 |
_aPR6066.A84 _bK58 1995 |
| 082 | 0 | 0 |
_a823.914 _bWAL |
| 100 | 2 |
_aPaton Walsh, Jill, _d1937- _927632 |
|
| 245 | 1 | 0 |
_aKnowledge of angels / _cJill Paton Walsh. |
| 260 |
_aNew York : _bBantam Books, _c1995. |
||
| 300 |
_a283 p. ; _c21 cm. |
||
| 500 | _aOriginally published: Boston : Houghton Mifflin, 1994. | ||
| 650 | 0 |
_aIslands _xFiction. _911667 |
|
| 650 | 0 |
_aFeral children _xFiction. _927633 |
|
| 650 | 0 |
_aMiddle Ages _xFiction. _911863 |
|
| 650 | 0 |
_aMonks _xFiction. _927634 |
|
| 655 | 7 |
_aHistorical fiction. _2gsafd _9417 |
|
| 906 |
_a7 _bcbc _corignew _d1 _eocip _f19 _gy-gencatlg |
||
| 942 |
_2ddc _cBK |
||